Sports in anime - Click quiz - Statistics

General Stats
  • This quiz has been taken 176 times
  • The average score is 8 of 16
Answer Stats
Hint Answer % Correct
Blue Lock | Inazuma Eleven Football (soccer)
92%
Haikyu!! | Attacker You! Volleyball
86%
Ahiru no Sora | Kuroko's Basketball
79%
Hajime no Ippo | Ashita no Joe Boxing
72%
Free! | Fireworks Swimming
61%
Initial D | Wangan Midnight Car racing
55%
Major | Ace no Diamond Baseball
50%
Stars Align | The prince of ___ Tennis
50%
Blue Box | Love All Play Badminton
46%
Eyeshield 21 American football
37%
Over Drive | Yowamushi ___ Cycling
33%
Air Gear Rollerblade
33%
Rising impact | Birdie Wing Golf
32%
All Out!! | number24 Rugby
27%
Hikari no Densetsu | Bakuten!! Gymnastics
22%
Yawara! | Uchikomi Judo
17%
No matching quizzes found
Score Distribution
Percent of People with Each Score
Percentile by Number Answered
Your Score History
You have not taken this quiz